Excutive guide to e-mail correspondence : Including model letters for every situation
Đã lưu trong:
| 主要作者: | |
|---|---|
| 格式: | 圖書 |
| 語言: | Undetermined |
| 出版: |
Franklin Lakes, NJ
Career Press
2007
|
| 主題: | |
| 標簽: |
添加標簽
沒有標簽, 成為第一個標記此記錄!
|
| Thư viện lưu trữ: | Trung tâm Học liệu Trường Đại học Cần Thơ |
|---|
| LEADER | 00607nam a2200205Ia 4500 | ||
|---|---|---|---|
| 001 | CTU_128369 | ||
| 008 | 210402s9999 xx 000 0 und d | ||
| 020 | |c 260000 | ||
| 082 | |a 651.79 | ||
| 082 | |b B338 | ||
| 100 | |a Baude, Dawn-Michelle | ||
| 245 | 0 | |a Excutive guide to e-mail correspondence : | |
| 245 | 0 | |b Including model letters for every situation | |
| 245 | 0 | |c Dawn-Michelle Baude | |
| 260 | |a Franklin Lakes, NJ | ||
| 260 | |b Career Press | ||
| 260 | |c 2007 | ||
| 650 | |a Electronic mail messages.,Letter writing. | ||
| 904 | |i Minh | ||
| 980 | |a Trung tâm Học liệu Trường Đại học Cần Thơ | ||